Fallout 4: All bobbleheads - Statistics

General Stats
  • This quiz has been taken 36 times
  • The average score is 10 of 20
Answer Stats
Answer % Correct
Luck bobblehead
84%
Perception bobblehead
81%
Charisma bobblehead
78%
Endurance bobblehead
75%
Agility bobblehead
72%
Energy weapons bobblehead
56%
Medicine bobblehead
53%
Small guns bobblehead
53%
Strength bobblehead
53%
Melee bobblehead
50%
Science bobblehead
50%
Big guns bobblehead
47%
Barter bobblehead
44%
Explosives bobblehead
41%
Intelligence bobblehead
41%
Sneak bobblehead
41%
Unarmed bobblehead
38%
Repair bobblehead
34%
Lock picking bobblehead
25%
Speech bobblehead
16%
No matching quizzes found
Score Distribution
Percent of People with Each Score
Percentile by Number Answered
Your Score History
You have not taken this quiz